Famous Duos by Hint - Statistics

General Stats
  • This quiz has been taken 121 times
  • The average score is 15 of 24
Answer Stats
Hint Answer % Correct
Married bank robbers of the Great Depression Bonnie Parker
100%
Clyde Barrow
100%
Mattel’s billion-dollar couple Barbie
94%
Ken
94%
Will-they-won’t-they muppet frog and pig Kermit
92%
Miss Piggy
92%
Animated mouse outwits feline nemesis Tom
91%
Juliet
89%
Heroic plumber and his bland brother Mario
89%
Shakespearean teens’ three-day love story Romeo
89%
Cleopatra
88%
Jerry
87%
John Watson
83%
Legendary sleuth and his sober companion Sherlock Holmes
83%
Luigi
81%
Abel
78%
They failed to follow fruit-based rules, leading to clothing Adam
78%
The first murderer and his victim Cain
78%
Eve
78%
A biblical underdog and the nemesis he killed with a sling David
77%
Garfunkel
77%
Goliath
77%
“Hello darkness, my old friend…” Simon
77%
The Caped Crusader & The Boy Wonder Batman
76%
Robin
76%
The ringbearer and the hobbit that carried him Frodo Baggins
75%
Siblings who took a tumble during water retrieval Jack
75%
Pals who undertook a famous American expedition Meriwether Lewis
71%
William Clark
71%
Helen
70%
Jill
70%
Remus
69%
Twins who founded Rome, a city name to… kill for Romulus
69%
Muppet roommates Bert
68%
Cher
68%
Ernie
68%
Their forbidden love was Camelot’s downfall Lancelot
68%
“I Got You Babe” Sonny
68%
Gretel
67%
Abandoned Grimm siblings who kill a witch Hansel
67%
Wilbur Wright
65%
Greatest Greek warrior against Troy and his bestie Achilles
64%
Scarlett O’Hara
61%
This Egyptian Queen and Triumvir had an ill-fated romance Marc Antony
59%
The 19th-century Corsican conqueror and his dear wife Napoleon
59%
Delilah
58%
Oscar winning actress turned princess and her prince Grace Kelly
58%
A man with powerful hair and the woman who betrayed him Samson
58%
Gromit
57%
Icarus
57%
Claymation man is taken care of by dog Wallace
57%
Pair of doofus teens who watch MTV Beevis
56%
Butthead
56%
It turned out that he frankly didn’t give a darn about her Rhett Butler
56%
Samwise Gamgee
56%
They elope, a thousand ships launch Paris
55%
Pudgy twins from nursery rhyme who Alice met Tweedledee
53%
Tweedledum
53%
Scientist and his potion-infused mad counterpart Dr. Jekyll
50%
Their marriage created the kingdom of Spain Ferdinand
50%
Isabella
50%
They discovered the structure of DNA James Watson
50%
Mr. Hyde
50%
Fraternal aviation pioneers (given names required) Orville Wright
50%
Guinevere
47%
Ashley Olsen
45%
Francis Crick
45%
Krusty cartoon satirizing violent cartoons Itchy
45%
Full House twins Mary-Kate Olsen
45%
Scratchy
45%
Stoner duo from “Up in Smoke” Cheech
44%
Chong
44%
“Who’s on First” Bud Abbott
39%
Lou Costello
39%
Josephine
35%
Deimos
32%
Ares’ twin sons and the namesakes of the moons of Mars Phobos
32%
Prince Rainier
32%
Disney rodents who joined Rescue Rangers Chip
31%
Dale
31%
Greek father builds wings, son has hubris, son plummets Daedalus
29%
Stimpy
29%
A chihuahua and his feline friend Ren
24%
Arthur Sullivan
22%
“The very model of a modern major general!” W.S. Gilbert
22%
Patroclus
14%
Enkidu
12%
Mesopotamian king and his beastly wild man best friend Gilgamesh
12%
Isolde
11%
A Celtic/Medieval forbidden love caused by a love potion Tristan
11%
No matching quizzes found
Score Distribution
Percent of People with Each Score
Percentile by Number Answered
Your Score History
You have not taken this quiz